Tegnap és holnap között
Elmentve itt :
| Szerző: | |
|---|---|
| Adatforrás: | Philobibl |
| Dokumentumtípus: | Könyv |
| Nyelv: | magyar |
| Kulcsszavak: | jogelmélet alkotmány demokrácia társadalomelmélet |
| Megjelent: |
Bp.
Révai.
1947
|
| LEADER | 01018nam a2200169 c 4500 | ||
|---|---|---|---|
| 001 | bibDOK00028793 | ||
| 005 | 20200924122403.4 | ||
| 008 | 060518s1947 hu hun | ||
| 100 | 1 | |a Moór Gyula | |
| 245 | 1 | 0 | |a Tegnap és holnap között |c Moór Gyula |
| 260 | |a Bp. |b Révai. |c 1947 | ||
| 300 | |a 172 p. | ||
| 505 | 0 | |g p. 9-22., |t Kereszténység és szocializmus ; |g p. 23-33., |t Demokrácia és világnézet ; |g p. 34-43., |t A demokrácia örvényei ; |g p. 44-56., |t A fasizmus és a nemzeti szocializmus bírálata ; |g p. 57-70., |t Fasizmus és demokrácia ; |g p. 71-96., |t A Szovjetúnió alkotmánya ; |g p. 97-105., |t Az Egyesült Nemzetek Szervezetének jelentősége ; |g p. 106-117., |t Népbíróság és esküdtszék ; |g p. 118-124. |t A magyar értelmiség hivatása ; |g p. 125-129., |t Béke és jog ; |g p. 130-134., |t A jog szerepe a társadalomban ; |g p. 125-149., |t Társadalom és történet ; |g p. 150-169., |t A jogpolitika módszertana | |
| 695 | |a jogelmélet | ||
| 695 | |a alkotmány | ||
| 695 | |a demokrácia | ||
| 695 | |a társadalomelmélet | ||